| 000 | 00914cab a2200229 4500 | ||
|---|---|---|---|
| 001 | ABS67664 | ||
| 008 | 040330n2004 000 0 eng u | ||
| 035 | _a(Sirsi) u125664 | ||
| 100 | _aNetto, A. | ||
| 245 | 4 | _aThe effect of bills of quantities in standard forms | |
| 260 | _c2004 | ||
| 490 |
_aInternational Construction Law Review _v21(1) January 2004, 124-130(7) |
||
| 520 | _aConsiders automatic changes, which are differences due to either, errors in taking off or wrong estimates in bills of quantities. Looks at the historical development in terms of risk allocation for these automatic changes. Compares and contrasts the current private sector forms in England and Singapore. | ||
| 590 | _aABS | ||
| 650 | _aBILLS OF QUANTITIES | ||
| 650 | _aTAKING-OFF | ||
| 650 | _aRISK ALLOCATION | ||
| 650 | _aSINGAPORE | ||
| 650 | _aSTANDARD FORMS | ||
| 690 |
_aQuantity surveying _96263 |
||
| 942 | _n0 | ||
| 999 |
_c74323 _d74323 |
||